LIBRARY & INFORMATION CENTRE, KCAET, TAVANUR

ONLINE PUBLIC ACCESS CATALOGUE (OPAC)

Oxford Book of Sixteenth Century Verse / (Record no. 4854)

MARC details
000 -LEADER
fixed length control field 00287cam a2200109ua 4500
082 ## - DEWEY DECIMAL CLASSIFICATION NUMBER
Classification number 821
Item number CHA/OX
100 ## - MAIN ENTRY--AUTHOR NAME
Personal name Chamers, E K .
245 ## - TITLE STATEMENT
Title Oxford Book of Sixteenth Century Verse /
260 ## - PUBLICATION, DISTRIBUTION, ETC. (IMPRINT)
Place of publication London :
Name of publisher Oxford at the Clarendon Press ,
Year of publication 1955.
300 ## - PHYSICAL DESCRIPTION
Number of Pages 905 ; .
942 ## - ADDED ENTRY ELEMENTS (KOHA)
Koha item type Books
Holdings
Withdrawn status Lost status Damaged status Home library Current library Date acquired Full call number Accession Number Koha item type
Withdrawn     KAUAET Malayalam University 07/04/2012 821 5078 Books
free website counter